|
|
|
|
| LEADER |
00000nam a2200000 a 4500 |
| 001 |
vtls001484314 |
| 003 |
SK-MaSNL |
| 005 |
20260301074059.0 |
| 008 |
171201s2004 au o g 00000dger |
| 020 |
|
|
|a 3851655672
|q (viaz.)
|
| 035 |
|
|
|a SNK000439608
|
| 040 |
|
|
|a SNK
|b slo
|c SNK
|e AACR2
|
| 043 |
|
|
|a e-au---
|
| 072 |
|
7 |
|a 14(100-15)"15/20"
|x Moderné západné filozofie
|2 konspekt
|
| 080 |
|
|
|a 14(436)
|2 MDT-MRF
|
| 080 |
|
|
|a 001.1/.5
|2 MDT-MRF
|
| 080 |
|
|
|a 165
|2 MDT-MRF
|
| 080 |
|
|
|a (436)
|2 MDT-MRF
|
| 080 |
|
|
|a (082)
|2 MDT-MRF
|
| 245 |
0 |
0 |
|a Geschichte der österreichischen Humanwissenschaften
|n Band 6.1
|p Philosophie und Religion: Erleben, Wissen, Erkennen
|c Karl Acham (Hg.)
|
| 246 |
3 |
0 |
|a Philosophie und Religion: Erleben, Wissen, Erkennen
|
| 250 |
|
|
|a Dt. Erstausg.
|
| 260 |
|
|
|a Wien
|b Passagen Verlag
|c c2004
|
| 300 |
|
|
|a 566 s.
|b fotogr.
|c 24 cm
|
| 490 |
1 |
|
|a Passagen Humanwissenschaften
|
| 650 |
0 |
7 |
|a rakúska filozofia
|y 19.-20. stor.
|2 SNKPH
|9 396123
|
| 650 |
0 |
7 |
|a teória vedy
|z Rakúsko
|2 SNKPH
|9 396124
|
| 651 |
|
7 |
|a teória poznania
|2 SNKPH
|9 259237
|
| 655 |
|
7 |
|a zborníky
|2 SNKPH
|9 70165
|
| 700 |
1 |
|
|a Acham, Karl
|d 1939-
|4 edt
|9 396122
|
| 830 |
|
0 |
|a Passagen Humanwissenschaften
|9 304634
|
| 919 |
|
|
|a 3-85165-567-2
|
| 999 |
|
|
|c 646151
|d 648081
|
| 952 |
|
|
|t snkGES/6/1 001(091)(436)
|a SNKUST
|b SNKUST
|y PREZ
|7 0
|p 17A0457421
|o snkIC 131964/6/1
|i snk2005/2005
|8 2
|g 105.19
|0 0
|1 0
|4 0
|d 2004-10-27
|l 0
|r 2025-05-28 00:00:00
|w 2026-02-23
|